Zákon o používaní elektronickej registračnej pokladnice s komentárom

Zákon č. 289/2008 Z.z. o používaní elektronickej registračnej pokladnice a o zmene a doplnení zákona Slovenskej národnej rady č. 511/1992 Zb. o správe daní a poplatkov a o zmenách v sústave územných finančných orgánov v znení neskorších predpisov, v znení ďalších zákonov ... a zákona č. 180/2017 Z.z...

Descrizione completa

Salvato in:
Dettagli Bibliografici
Autore principale: Berková, Andrea
Natura: Capitolo di libro
Lingua:slovacco
Soggetti:
Tags: Aggiungi Tag
Nessun Tag, puoi essere il primo ad aggiungerne!!

MARC

LEADER 00000naa a2200000 4500
001 0236470
005 20211012113901.7
041 0 |a slo 
044 |a SK 
245 1 0 |a Zákon o používaní elektronickej registračnej pokladnice s komentárom  |c Andrea Berková 
520 |a Zákon č. 289/2008 Z.z. o používaní elektronickej registračnej pokladnice a o zmene a doplnení zákona Slovenskej národnej rady č. 511/1992 Zb. o správe daní a poplatkov a o zmenách v sústave územných finančných orgánov v znení neskorších predpisov, v znení ďalších zákonov ... a zákona č. 180/2017 Z.z. 
610 2 0 |a pokladnice registračné 
610 2 0 |a elektronizácia 
610 2 0 |a zákony 
610 2 0 |a komentáre 
610 2 0 |a Slovensko 
610 2 0 |a 2008-2017 
100 1 |a Berková, Andrea